00197nam a22000857a 4500020001500000100001500015245003700030260003200067300001200099 a0439379687 aJenny Dale aPuppy Patrol : The Puppy Project aNew York bScholasticc2002 a102 pgs